00287nam a22001097a 4500020000800000040001700008082001700025100001600042245004700058260003200105300004000137 qPB. cFizza Ishaq  a150.195bANI aJung, C.G.  aMemories Dreams Reflections /c C.G. Jung. aNew York :bVintage,c1965. a430 P. ;c1.45 x 7.31 x 9.02 inches